روائع البيان و تفسير آيات الأحكام من القرآن / (رقم التسجيلة. 17164)

تفاصيل مارك
000 -LEADER
fixed length control field 00831nam a22001937a 4500
005 - DATE AND TIME OF LATEST TRANSACTION
control field 20251108164915.0
008 - FIXED-LENGTH DATA ELEMENTS--GENERAL INFORMATION
fixed length control field 250721s1977 xx 000 0 ara d
082 14 - DEWEY DECIMAL CLASSIFICATION NUMBER
Classification number 212/محم
100 1# - MAIN ENTRY--PERSONAL NAME
Personal name الصابوني، محمد علي
245 10 - TITLE STATEMENT
Title روائع البيان و تفسير آيات الأحكام من القرآن /
250 ## - EDITION STATEMENT
Edition statement ط2.
264 1# - PRODUCTION, PUBLICATION, DISTRIBUTION, MANUFACTURE, AND COPYRIGHT NOTICE
Place of production, publication, distribution, manufacture دمشق :
Name of producer, publisher, distributor, manufacturer مكتبة الغزالي،
Date of production, publication, distribution, manufacture, or copyright notice 1977.
300 ## - PHYSICAL DESCRIPTION
Extent
500 ## - GENERAL NOTE
General note تفسير خاص لآيات الأحكام مستمدة من أوثق مصادر التفسير القديمة و الحديثة بأسلوب مبتكر و طريقة جديدة ممع عرض شامل لأدلة الفقهاء و بيان الحكمة الشرعية
650 17 - SUBJECT ADDED ENTRY--TOPICAL TERM
Topical term or geographic name as entry element القرآن الكريم
650 17 - SUBJECT ADDED ENTRY--TOPICAL TERM
Topical term or geographic name as entry element تفسير القرآن
942 ## - ADDED ENTRY ELEMENTS (KOHA)
Source of classification or shelving scheme Dewey Decimal Classification
Koha item type مراجع
المقتنيات
حالة السحب حالة الفقدان مصدر التصنيف حالة التلف غير قابل للإعارة المكتبة الرئيسية المكتبة الحالية موقع الرف تاريخ التزويد الرقم المتسلسل Total Checkouts رقم الإستدعاء الباركود تاريخ آخر ظهور تاريخ الفاتورة نوع المادة (كوها)
    Dewey Decimal Classification     المكتبة المركزية المكتبة المركزية الإعارة 06/07/2004 68769   212/محم 68769 28/07/2025 06/07/2004 مراجع
    Dewey Decimal Classification   Not For Loan مكتبة حمزة العامة مكتبة حمزة العامة مراجع 03/11/2015 [47]....   212/محم PLD00361818 28/07/2025 03/11/2015 مراجع
    Dewey Decimal Classification   Not For Loan مكتبة وادي السير العامة مكتبة وادي السير العامة مراجع 07/04/2016 [1939]....   212/محم PLD00385252 28/07/2025 07/04/2016 مراجع
    Dewey Decimal Classification   Not For Loan مكتبة وادي السير العامة مكتبة وادي السير العامة مراجع 07/04/2016 [1938].....   212/محم PLD00385254 28/07/2025 07/04/2016 مراجع
Implemented & Customized by: BBB with SCIT (Smart Chains for Information Technology)

Powered by Koha